ESSENTIALS PATHOLOGY FOR DENTAL STUDENTS (Record no. 4787)

MARC details
000 -LEADER
fixed length control field 00372nam a2200145Ia 4500
008 - FIXED-LENGTH DATA ELEMENTS--GENERAL INFORMATION
fixed length control field 150201s2012 xx 000 0 und d
082 ## - DEWEY DECIMAL CLASSIFICATION NUMBER
Classification number 616.07
Item number E2012M
100 ## - MAIN ENTRY--PERSONAL NAME
Personal name HARSH MOHAN
245 ## - TITLE STATEMENT
Title ESSENTIALS PATHOLOGY FOR DENTAL STUDENTS
250 ## - EDITION STATEMENT
Edition statement 4TH
260 ## - PUBLICATION, DISTRIBUTION, ETC. (IMPRINT)
Name of publisher, distributor, etc. JAYPEE MEDICAL PUBLISHER
Place of publication, distribution, etc. DELHI
Date of publication, distribution, etc. 2012
300 ## - PHYSICAL DESCRIPTION
Extent 1-542
650 ## - SUBJECT ADDED ENTRY--TOPICAL TERM
Topical term or geographic name as entry element PATHOLOGY
942 ## - ADDED ENTRY ELEMENTS (KOHA)
Source of classification or shelving scheme Dewey Decimal Classification
Koha item type Books
Koha issues (borrowed), all copies 37
Holdings
Withdrawn status Lost status Source of classification or shelving scheme Damaged status Not for loan Home library Current library Date acquired Source of acquisition Cost, normal purchase price Serial Enumeration / chronology SGTU Bill Number Total Checkouts Total Renewals Full call number Barcode Date last seen Date last checked out Bill Date Koha item type
    Dewey Decimal Classification     SGT Dental Library SGT Dental Library 24/01/2013 AHUJA BOOK COMPANY-NEW DELHI 825.00 1 SGTU 3108 53 1 616.07 E2012M FD6766 10/03/2025 22/02/2025 09/08/2013 Books
    Dewey Decimal Classification     SGT Dental Library SGT Dental Library 24/01/2013 AHUJA BOOK COMPANY-NEW DELHI 825.00 1 SGTU 3108 7   616.07 E2012M FD6767 10/12/2024 10/12/2024 09/08/2013 Books
    Dewey Decimal Classification     SGT Dental Library SGT Dental Library 24/01/2013 AHUJA BOOK COMPANY-NEW DELHI 825.00 1 SGTU 3108 38   616.07 E2012M FD6768 09/10/2024 25/09/2024 09/08/2013 Books
    Dewey Decimal Classification     SGT Dental Library SGT Dental Library 24/01/2013 AHUJA BOOK COMPANY-NEW DELHI 825.00 1 SGTU 3108 7   616.07 E2012M FD6769 16/01/2025 16/01/2025 09/08/2013 Books
    Dewey Decimal Classification     SGT Dental Library SGT Dental Library 24/01/2013 AHUJA BOOK COMPANY-NEW DELHI 825.00 1 SGTU 3108 11   616.07 E2012M FD6770 18/05/2026 18/05/2026 09/08/2013 Books